000
00311nam a2200109Ia 4500
008
171211s9999 xx 000 0 und d
245
2
_a
A History of the Jana Natya Manch: Plays for the People
245
_c
Arjun Ghosh
260
_c
2012
650
_x
ART
856
_u
http://down.ebook777.com/063/8132107284.pdf
999
_c
348541
_d
348541